00852nam a2200205 a 450000100100000000500170001000800410002704000250006808200160009310000280010924500570013726000540019430000210024849000420026950400730031183000490038404900090043395201870044299900170062900003539420200930074317.0111031s1952 fr 000 0 spa d aDO-SdBNPbspacBNPHU axxxxbG619s1 aGoldmann, Lucien91340310aSciences humaines et philosophie /cLucien Goldmann. aParis :bPresses universitaires de France,c1952. a145 p. ;c18 cm.1 aNouvelle encyclopédie philosophique aIncluye referencias bibliográficas y notas al pie de la páginas. 0aNouvelle encyclopédie philosophique961218 aBNGR 001050718MOaGRbGRcCTd2011-10-31iLF1l0oxxxx G619sp35394-10r2020-06-25w2020-06-25y1zPerteneció a la biblioteca personal de Juan Isidro Jimenes GrullónZNo se presta c34885d34885